| 000 | 00640nam a2200205 a 4500 | ||
|---|---|---|---|
| 005 | 20210219153257.0 | ||
| 008 | 991125n 000 0 u | ||
| 035 | _aUPN01000088172 | ||
| 100 | _aLenzen, Dieter | ||
| 222 |
_aEDUCACION : _bCOLECCION SEMESTRAL DE APORTACIONES ALEMANAS RECIENTES EN LAS CIENCIAS PEDAGOGICAS |
||
| 245 | _aMito, metáfora y simulación : perspectivas de pedagogía sistemática en la posmodernidad | ||
| 300 | _a73-95 | ||
| 362 | _aVol. 3 1988 | ||
| 653 | 0 | _aCRISIS EDUCATIVA | |
| 653 | 0 | _aEDUCACION | |
| 653 | 0 | _aHISTORIA | |
| 653 | 0 | _aPRACTICA EDUCATIVA | |
| 904 |
_aAC _b025983 |
||
| 905 | _aArticulo | ||
| 999 |
_c72856 _d72856 |
||